000 00645nam a2200229Ia 4500
003 OSt
005 20220924113103.0
006 a|||||r|||| 00| 0
007 ta
008 220923b |||||||| |||| 00| 0 eng d
024 _a57394
037 _cDictionary
040 _aARTS
_cARTS
_beng
041 _2eng
_aeng
082 _aP113:4k, 111K5
245 0 _aNew Cassell's German dictionary
_b German English German rev and ed by Harold IT Betteridges
260 _aN
_bYork Funk
_c1965
300 _axx, 630+619p.
_ccm.
650 _aLINGUISTICS
942 _hP113:4k, 111K5
_cdic
_2cc
999 _c389189
_d389189